Special Relativity/ (Record no. 8657)

MARC details
000 -LEADER
fixed length control field 00540nam a22001817a 4500
003 - CONTROL NUMBER IDENTIFIER
control field OSt
005 - DATE AND TIME OF LATEST TRANSACTION
control field 20240619120504.0
008 - FIXED-LENGTH DATA ELEMENTS--GENERAL INFORMATION
fixed length control field 240619b |||||||| |||| 00| 0 eng d
040 ## - CATALOGING SOURCE
Original cataloging agency DDC
Transcribing agency MUST
082 ## - DEWEY DECIMAL CLASSIFICATION NUMBER
Edition number 22
Classification number 530.11 FRE 1968
100 ## - MAIN ENTRY--PERSONAL NAME
Personal name French A. P.
9 (RLIN) 8026
245 ## - TITLE STATEMENT
Title Special Relativity/
Remainder of title M.I.T. Introductory physics series
Statement of responsibility, etc. A.P. French
260 ## - PUBLICATION, DISTRIBUTION, ETC. (IMPRINT)
Place of publication, distribution, etc. Massachussets Institute of Technology
Name of publisher, distributor, etc. Chapman and Hall
Date of publication, distribution, etc. c1968
300 ## - PHYSICAL DESCRIPTION
Extent x,286p.;
Other physical details ill:
Dimensions 23cm
504 ## - BIBLIOGRAPHY, ETC. NOTE
Bibliography, etc includes indexes
650 ## - SUBJECT ADDED ENTRY--TOPICAL TERM
Topical term or geographic name as entry element Physics
9 (RLIN) 809
942 ## - ADDED ENTRY ELEMENTS (KOHA)
Source of classification or shelving scheme Dewey Decimal Classification
Koha item type Open Shelf
Holdings
Withdrawn status Lost status Source of classification or shelving scheme Damaged status Not for loan Home library Current library Source of acquisition Inventory number Total Checkouts Full call number Barcode Date last seen Koha item type Date acquired Price effective from
    Dewey Decimal Classification     MUST Main Library MUST Main Library Donation 04/22104   530.11 FRE 1968 2024-20919 19/06/2024 Open Shelf    
    Other/Generic Classification Scheme     MUST Main Library MUST Main Library donation 05/23303   530.11 FRE 1968 2024-21054 24/06/2024 Open Shelf 24/06/2024 24/06/2024